Αειφόρος ανάπτυξη, τοπική κοινωνία και η σύνδεσή τους με μια εκπαίδευση για το περιβάλλον και την αειφορία, μέσα από το παράδειγμα της Ανάβρας Μαγνησίας : διπλωματική εργασία [μεταπτυχιακή εργασία]

Αποθηκεύτηκε σε:
Λεπτομέρειες βιβλιογραφικής εγγραφής
Κύριος συγγραφέας: Θερμογιάννη, Παρασκευή
Συγγραφή απο Οργανισμό/Αρχή: Πανεπιστήμιο Αιγαίου Σχολή Ανθρωπιστικών Επιστημών Τμήμα Επιστημών της Προσχολικής Αγωγής και του Εκπαιδευτικού Σχεδιασμού Πρόγραμμα Μεταπτυχιακών Σπουδών Περιβαλλοντική Εκπαίδευση
Άλλοι συγγραφείς: Ράγκου, Πολυξένη (Εισηγητής διατριβής)
Μορφή: Thesis Βιβλίο
Γλώσσα:Greek
Δημοσίευση: 2014
Θέματα:
Διαθέσιμο Online:http://hdl.handle.net/11610/15853
Ετικέτες: Προσθήκη ετικέτας
Δεν υπάρχουν, Καταχωρήστε ετικέτα πρώτοι!

MARC

LEADER 00000cam a2200000 i 4500
001 1/66235
008 150206s2014 gre d
035 |l 10120940 
040 |a GR-MY-UA  |b gre  |e aacr 
041 0 |a gre 
082 0 |a 372.357  |2 (22) 
100 1 |a Θερμογιάννη, Παρασκευή. 
245 1 0 |a Αειφόρος ανάπτυξη, τοπική κοινωνία και η σύνδεσή τους με μια εκπαίδευση για το περιβάλλον και την αειφορία, μέσα από το παράδειγμα της Ανάβρας Μαγνησίας :  |b διπλωματική εργασία [μεταπτυχιακή εργασία] /  |c Θερμογιάννη Παρασκευή ; επιβλέπουσα: Ράγκου Πολυξένη 
260 |c 2014 
300 |a 128 σ.;  |b πίν.;  |c 30 εκ. 
500 |a Μέλη εξεταστικής επιτροπής: Καϊλα Μαρία, Αθανάσιος Μόγιας 
502 |a Διατριβή (μεταπτυχιακή) – Πανεπιστήμιο Αιγαίου, Ρόδος, 2014. 
504 |a Βιβλιογραφία: σ. 111-116 
650 0 0 |a Environmental education  |x Case studies. 
650 0 |a Environmental education  |x Study and teaching  |z Greece  |z Magnesia. 
650 0 |a Sustainable development  |z Greece  |z Magnesia. 
650 0 0 |a Dissertations, Academic  |z Greece. 
700 0 |a Ράγκου, Πολυξένη.  |4 ths 
710 2 |a Πανεπιστήμιο Αιγαίου  |b Σχολή Ανθρωπιστικών Επιστημών  |b Τμήμα Επιστημών της Προσχολικής Αγωγής και του Εκπαιδευτικού Σχεδιασμού  |b Πρόγραμμα Μεταπτυχιακών Σπουδών Περιβαλλοντική Εκπαίδευση. 
852 |a INST  |b RHODES  |c DIATR  |e 20150206  |h 372.357 ΘΕΡ  |p 005400037590  |q 005400037590  |t MTXE  |y 23 
852 |a INST  |b RHODES  |c DIATR  |e 20150206  |h 372.357 ΘΕΡ  |p 005400037591  |q 005400037591  |t MTXE  |y 23 
856 |u http://hdl.handle.net/11610/15853 
901 |a BIBL4-2015-1 
909 |a Ρ  |b 183909 
909 |a Ρ  |b 183910 
924 |a ΘΕΡΜΟΓΙΑΝΝΗ  |b ΠΑΡΑΣΚΕΥΗ  |y ΡΟΔΟΣ  |z 2014-11 
970 |z 2015/02/06